|
|
|
|
| LEADER |
00000nam a22000007a 4500 |
| 005 |
20110907105132.0 |
| 008 |
110907t2009 mx |||||s|||| 00| 0 spa d |
| 020 |
|
|
|a 978-607-7620-09-9
|
| 035 |
|
|
|a 5251
|
| 040 |
|
|
|a vLex
|
| 090 |
|
|
|c 2403
|d 2403
|
| 100 |
1 |
|
|a Sǹchez Vega, Javier Alejandro
|
| 245 |
1 |
3 |
|a La estrategia fiscal mediante contratos de fideicomiso
|h [Recurso electrn̤ico] /
|c Javier Alejandro Sǹchez Vega
|
| 256 |
|
|
|a Servicio en ln̕ea.
|
| 260 |
|
|
|a [Mx̌ico] :
|b Instituto Mexicano de Contadores Pb︢licos,
|c 2009.
|
| 300 |
|
|
|a 1 recurso electrn̤ico
|
| 500 |
|
|
|a La carga tributaria representa un alto costo para los contribuyentes, por eso es importante conocer, en forma previa, el mejor escenario fiscal de conformidad con las disposiciones legales. Esto, lleva a investigar cul̀ es la estrategia fiscal ms̀ adecuada, es decir, aquľla que ofrece mejores oportunidades econm̤icas dentro del marco legal. Los contratos de fideicomiso son una valiosa herramienta para demostrar o soportar las operaciones realizadas por los diversos contribuyentes.
|
| 506 |
1 |
|
|a Contenido solo disponible en los productos indicados
|d vLex Global
|d vLex Global (Academic Edition, excluding Law Schools)
|d vLex Global (U.S. Academic Edition, Law Schools)
|d vLex Global (U.S. Academic Edition, excluding Law Schools)
|d vLex Global (Academic Edition, Law Schools)
|
| 650 |
0 |
4 |
|a Derecho tributario
|z Mx̌ico
|
| 650 |
0 |
4 |
|a Fideicomiso
|z Mx̌ico
|
| 740 |
0 |
|
|a vLex Libros (Servicio en ln̕ea)
|
| 856 |
4 |
0 |
|u http://vlex.com/source/estrategia-fiscal-contratos-fideicomiso-5251
|z Acceso restringido
|
| 942 |
|
|
|c BOOK
|